The real estate investment handbook

Guardado en:
Detalles Bibliográficos
Autor principal:  Haight, G. Timothy
Formato: Sách
Lenguaje:Undetermined
Publicado:  John Wiley & Sons  2005
Materias:
Etiquetas: Agregar Etiqueta
Sin Etiquetas, Sea el primero en etiquetar este registro!
Thư viện lưu trữ: Trung tâm Thư viện - Trường Đại học Công nghiệp TP. Hồ Chí Minh
LEADER 00494nam a2200157Ia 4500
001 UIH_04183
008 231011s9999 xx 000 0 und d
082 |a  332.6324 
100 |a  Haight, G. Timothy 
245 0 |a  The real estate investment handbook 
245 0 |c  Haight, G. Timothy 
260 |b  John Wiley & Sons 
260 |c  2005 
650 |a  Bất động sản;  
927 |a Sách 
980 |a Trung tâm Thư viện - Trường Đại học Công nghiệp TP. Hồ Chí Minh